01041nam a22002297a 450000500170000000800410001704000070005804100080006508200220007310000160009524500190011126000360013030000290016636500240019552004690021965000190068865000170070765000210072465000250074565000230077070000180079320240925145510.0211028b ||||| |||| 00| 0 eng d cAL aeng 223a954.035bDURC aWill Durant aCase for India aMumbaibStrand Book Stallc2007 axi,164 p.bHBc22x14 cm. b250.00c₹d250.00 aThe Title 'The Case For India written/authored/edited by Will Durant', published in the year 2017. The ISBN 9788121290357 is assigned to the Paperback version of this title. This book has total of pp. 239 (Pages). The publisher of this title is Gyan Publishing House. This Book is in English. The subject of this book is History. Size of the book is 13.34 x 21.59 cms Vol:- . .PODuhttps://www.vifindia.org/sites/default/files/139221701-The-Case-for-India-1930.pdf aIndian History aCaste System aBritish Colonies aEconomic Destruction aSocial Destruction aDURANT (Will)